| 000 | 01170cam a2200277 a 4500 | ||
|---|---|---|---|
| 001 | 1350 | ||
| 005 | 20230821083137.0 | ||
| 008 | 090617s2010 dcua j 000 0 eng | ||
| 020 | _a9781426306143 (pbk. : alk. paper) | ||
| 020 | _a9781426306150 (library binding : alk. paper) | ||
| 040 |
_aDLC _cDLC _dDLC _dFISKH _beng |
||
| 050 | 0 | 0 |
_aQL336 _b.T83 2010 |
| 082 | 0 | 0 |
_a591.96 _222 |
| 100 | 1 | _aTuchman, Gail. | |
| 245 | 1 | 0 |
_aSafari / _cGail Tuchman |
| 260 |
_aWashington, D.C. : _bNational Geographic, _c2010 |
||
| 300 |
_a24 pages : _bcolor illustrations ; _c23 cm |
||
| 505 | _aD | ||
| 520 | _aSafari day dawns on the savanna. The African light gives the sky colors seen nowhere else on Earth. Soon, an amazing array of wild animals are yawning, screeching, and growling to life. Meet the elephants, lions, giraffes, zebras, hippos, and the laughing hyenas of the wilderness and find out who's friends with whom and why! | ||
| 521 |
_a180
_bLexile |
||
| 521 |
_aD
_bRaz-Plus |
||
| 650 | 0 |
_aAnimals _zAfrica _vJuvenile literature. |
|
| 650 | 0 |
_aSafaris _zAfrica _vJuvenile literature. |
|
| 906 |
_a7 _bcbc _corignew _d1 _eecip _f20 _gy-gencatlg |
||
| 942 |
_2ddc _cBK _n0 |
||
| 999 |
_c1350 _d1350 |
||